Statistics for Top 20 French goal scorers in Champions League

Click here to take the quiz!

General Stats

  • This quiz has been taken 1,088 times
  • The average score is 9 of 20

Answer Stats

PlayerGoalsFor which club% Correct
Thierry Henry50AS Monaco, Arsenal, Barcelona
98%
Karim Benzema41Lyon, Real Madrid
95%
Zinedine Zidane14Juventus, Real Madrid
82%
David Trezeguet29AS Monaco, Juventus
78%
Franck Ribéry16Bayern Munich
77%
Nicolas Anelka20Arsenal, Real Madrid, PSG, Chelsea
69%
Robert Pirès14Marseille, Arsenal, Villarreal
60%
Eric Cantona7Leeds United, Manchester United
55%
Samir Nasri8Arsenal, Manchester City
53%
Sylvain Wiltord15Bordeaux, Arsenal, Lyon
44%
Jean-Pierre Papin9AC Milan, Bayern Munich
43%
Florent Malouda8Lyon, Chelsea
40%
Ludovic Giuly9AS Monaco, Barcelone, AS Roma
34%
Yoann Gourcuff6AC Milan, Bordeaux, Lyon
30%
Sydney Govou11Lyon, Panathinaïkos
29%
Johan Micoud8Bordeaux, Werder Brême
23%
Bafetimbi Gomis9Lyon
20%
Steve Marlet7AJ Auxerre, Lyon, Marseille
7%
Eric Carrière6Lyon
4%
Franck Sauzée6Marseille
4%

Score Distribution

Percentile by Number Answered

Percent of People with Each Score

Your Score History

You have not taken this quiz